[Event "Iberoamerican-ch 7th"]
[Site "Linares"]
[Date "2019.08.18"]
[Round "9"]
[White "Silva Rodriguez, Fernando"]
[Black "Roselli Mailhe, Bernardo"]
[Result "0-1"]
[WhiteElo "2253"]
[BlackElo "2461"]
[PlyCount "52"]
[EventDate "2019.08.10"]
[EventType "swiss"]
[EventRounds "9"]
[EventCountry "ESP"]
[SourceTitle "CBM 191 Extra"]
[Source "ChessBase"]
[SourceDate "2019.09.30"]
[SourceVersion "1"]
[SourceVersionDate "2019.09.30"]
[SourceQuality "1"]

1. e4 e6 2. d4 d5 3. Nd2 a6 4. Ngf3 c5 5. exd5 exd5 6. Be2 Nc6 7. 0-0 Bd6 8. dxc5 Bxc5 9. Nb3 Bd6 10. h3 Nge7 11. c3 0-0 12. Bd3 h6 13. Re1 Re8 14. Bc2 Bc7 15. Be3 Bf5 16. Bc5 Qd7 17. Nbd4 Bxc2 18. Qxc2 b6 19. Ba3 Ng6 20. Nxc6 Qxc6 21. Qf5 Re4 22. Rad1 Rxe1+ 23. Rxe1 Rd8 24. h4 Re8 25. Rd1 Qe6 26. Nd4 Qe1+ 0-1

[Event "Iberoamerican-ch 7th"]
[Site "Linares"]
[Date "2019.08.16"]
[Round "7"]
[White "Silva Rodriguez, Fernando"]
[Black "Valenzuela Gomez, Fernando Alberto"]
[Result "1/2-1/2"]
[WhiteElo "2253"]
[BlackElo "2388"]
[PlyCount "52"]
[EventDate "2019.08.10"]
[EventType "swiss"]
[EventRounds "9"]
[EventCountry "ESP"]
[SourceTitle "CBM 191 Extra"]
[Source "ChessBase"]
[SourceDate "2019.09.30"]
[SourceVersion "1"]
[SourceVersionDate "2019.09.30"]
[SourceQuality "1"]

1. e4 g6 2. d4 Bg7 3. Nf3 d6 4. Be2 Nf6 5. Nc3 0-0 6. 0-0 a6 7. Re1 Nc6 8. d5 Na7 9. h3 Bd7 10. a4 c5 11. e5 Ne8 12. Bf1 b5 13. Bf4 bxa4 14. Nxa4 Rb8 15. b3 Bb5 16. c4 Bxa4 17. Rxa4 Nc7 18. Bd3 Nc8 19. Bc2 Rb6 20. exd6 exd6 21. Bd2 Rb8 22. h4 Nb6 23. Ra2 Nd7 24. h5 Ne5 25. Nxe5 Bxe5 26. Qg4 f5 1/2-1/2

[Event "Quart de Poblet op 6th"]
[Site "Quart de Poblet"]
[Date "2018.09.01"]
[Round "8.9"]
[White "Selva Salvador, Antonio"]
[Black "Silva Rodriguez, Fernando"]
[Result "0-1"]
[WhiteElo "1901"]
[BlackElo "2239"]
[PlyCount "62"]
[EventDate "2018.08.27"]
[EventType "swiss"]
[EventRounds "9"]
[EventCountry "ESP"]
[SourceTitle "EXT 2024"]
[Source "ChessBase"]
[SourceDate "2023.10.10"]
[SourceVersion "1"]
[SourceVersionDate "2023.10.10"]
[SourceQuality "1"]

1. d4 d5 2. Nf3 Nf6 3. c4 dxc4 4. Nc3 a6 5. a4 Nc6 6. e4 Bg4 7. e5 Nd5 8. Bxc4 e6 9. 0-0 Qd7 10. Nxd5 exd5 11. Be2 Be7 12. Re1 0-0-0 13. Be3 f6 14. h3 Bf5 15. Rc1 Rhg8 16. Nh4 Be6 17. Nf3 g5 18. exf6 Bxf6 19. Nh2 Kb8 20. Qd2 Be7 21. Qd3 Bd6 22. Ng4 Rdf8 23. Rxc6 Qxc6 24. Qd2 Qxa4 25. Bd1 Qb5 26. Be2 Qb4 27. Qc1 h5 28. Bd2 Qxd4 29. Bc3 Qb6 30. Nf6 Rg6 31. Bf3 Bf4 0-1

[Event "ESP-ch 83rd"]
[Site "Linares"]
[Date "2018.08.28"]
[Round "9"]
[White "Silva Rodriguez, Fernando"]
[Black "Perez Beltran, Salvador"]
[Result "1-0"]
[WhiteElo "2239"]
[BlackElo "2018"]
[PlyCount "63"]
[EventDate "2018.08.20"]
[EventType "swiss"]
[EventRounds "9"]
[EventCountry "ESP"]
[SourceTitle "CBM 186 Extra"]
[Source "ChessBase"]
[SourceDate "2018.08.24"]
[SourceVersion "1"]
[SourceVersionDate "2018.08.24"]
[SourceQuality "1"]

1. e4 c6 2. d4 d5 3. Nd2 dxe4 4. Nxe4 Bf5 5. Ng3 Bg6 6. Nh3 e6 7. Nf4 Qh4 8. c3 Bd6 9. Ngh5 Bxh5 10. Nxh5 Nf6 11. Nxf6+ Qxf6 12. Qb3 b6 13. Be2 0-0 14. Bf3 e5 15. Be3 exd4 16. cxd4 Na6 17. 0-0 Rfd8 18. Kh1 Nb4 19. Rfc1 Be7 20. Rc4 Nd5 21. Rac1 Rac8 22. Qc2 Nb4 23. Qb3 Nd5 24. Qc2 Nb4 25. Qb3 c5 26. R4c3 Na6 27. Qa4 b5 28. Qa5 b4 29. R3c2 cxd4 30. Rxc8 dxe3 31. Rxd8+ Bxd8 32. Rc8 1-0

[Event "ESP-ch 83rd"]
[Site "Linares"]
[Date "2018.08.26"]
[Round "7"]
[White "Silva Rodriguez, Fernando"]
[Black "Lopez Varela, Pablo"]
[Result "1/2-1/2"]
[WhiteElo "2239"]
[BlackElo "2100"]
[PlyCount "67"]
[EventDate "2018.08.20"]
[EventType "swiss"]
[EventRounds "9"]
[EventCountry "ESP"]
[SourceTitle "CBM 186 Extra"]
[Source "ChessBase"]
[SourceDate "2018.08.24"]
[SourceVersion "1"]
[SourceVersionDate "2018.08.24"]
[SourceQuality "1"]

1. e4 d6 2. d4 Nf6 3. Nc3 Nbd7 4. Nf3 e5 5. Bc4 Be7 6. 0-0 0-0 7. a4 c6 8. h3 h6 9. Re1 Qc7 10. Ba2 Re8 11. Be3 Nf8 12. a5 Be6 13. d5 Bd7 14. Qd3 c5 15. Bc4 Ng6 16. Reb1 Nh5 17. Ne2 f5 18. exf5 Bf6 19. Nd2 e4 20. Nxe4 Ne5 21. Nxf6+ Nxf6 22. Qb3 Bxf5 23. Ng3 Bg6 24. Re1 Nxc4 25. Qxc4 Bf7 26. Bd2 Nxd5 27. Qg4 Nf6 28. Qh4 Rxe1+ 29. Rxe1 Re8 30. Rxe8+ Nxe8 31. c4 Qd7 32. b3 Qe6 33. Qf4 Bg6 34. Qf3 1/2-1/2

[Event "ESP-ch rapid"]
[Site "Linares"]
[Date "2018.08.19"]
[Round "5"]
[White "Silva Rodriguez, Fernando"]
[Black "Lopez Gonzalez, Alfonso"]
[Result "1-0"]
[WhiteElo "2239"]
[BlackElo "2063"]
[PlyCount "103"]
[EventDate "2018.08.19"]
[EventType "swiss (rapid)"]
[EventRounds "9"]
[EventCountry "ESP"]
[SourceTitle "CBM 186 Extra"]
[Source "ChessBase"]
[SourceDate "2018.08.24"]
[SourceVersion "1"]
[SourceVersionDate "2018.08.24"]
[SourceQuality "1"]

1. d4 e6 2. c4 d5 3. Nf3 Nf6 4. Nc3 Be7 5. Bg5 Nbd7 6. e3 0-0 7. Rc1 a6 8. cxd5 exd5 9. Bd3 c6 10. Qc2 Re8 11. 0-0 Nf8 12. h3 Ne4 13. Bf4 Ng5 14. Ne5 f6 15. Ng4 Nge6 16. Bg3 Bd6 17. Bh2 Bb4 18. Bg3 Bd6 19. f4 Nc7 20. Qf2 Bd7 21. f5 Bxg3 22. Qxg3 Kh8 23. Ne2 b6 24. Nf4 Nb5 25. Qh4 Nd6 26. Nh5 Ne4 27. Bxe4 Rxe4 28. Rf3 Qe7 29. Ng3 Re8 30. Nxe4 dxe4 31. Rf2 Rd8 32. Rfc2 Be8 33. Nf2 Bd7 34. Qf4 Rc8 35. Rc3 Qb4 36. b3 Qa5 37. Nxe4 Qxa2 38. Nd6 Ra8 39. Nc4 b5 40. Nb6 Re8 41. Nxd7 Nxd7 42. Qd6 Nf8 43. Qxc6 Rd8 44. Qc7 Re8 45. Qc6 Rd8 46. Qe4 Qa5 47. Rc8 h5 48. Qe7 Rxc8 49. Rxc8 Qe1+ 50. Kh2 Kh7 51. Qxf8 Kh6 52. Qf7 1-0

[Event "ESP-ch rapid"]
[Site "Linares"]
[Date "2018.08.19"]
[Round "3"]
[White "Silva Rodriguez, Fernando"]
[Black "Razola Garcia, Joaquin"]
[Result "1-0"]
[WhiteElo "2239"]
[BlackElo "2087"]
[PlyCount "75"]
[EventDate "2018.08.19"]
[EventType "swiss (rapid)"]
[EventRounds "9"]
[EventCountry "ESP"]
[SourceTitle "CBM 186 Extra"]
[Source "ChessBase"]
[SourceDate "2018.08.24"]
[SourceVersion "1"]
[SourceVersionDate "2018.08.24"]
[SourceQuality "1"]

1. d4 Nf6 2. c4 e6 3. Nc3 Bb4 4. e3 b6 5. Bd3 Bb7 6. f3 0-0 7. Nge2 Nh5 8. 0-0 f5 9. a3 Bd6 10. Qe1 f4 11. e4 e5 12. Nb5 Nc6 13. Nxd6 cxd6 14. Qf2 Qf6 15. b4 Rae8 16. Bb2 Qg5 17. Kh1 Rf6 18. Bc1 Qg6 19. d5 Nd4 20. Nxd4 Ng3+ 21. Kg1 exd4 22. Rd1 Re5 23. Bxf4 Ne2+ 24. Bxe2 Rxf4 25. Bf1 h5 26. Rxd4 Qf6 27. Ra2 h4 28. h3 Rg5 29. Kh1 Rg3 30. Rd3 g5 31. Qd4 Qf7 32. a4 g4 33. hxg4 Rfxg4 34. Rd1 Rh3+ 35. gxh3 Qxf3+ 36. Rg2 Rxg2 37. Bxg2 Qxd1+ 38. Qxd1 1-0

[Event "ESP-chT CECLUB Div2"]
[Site "Linares"]
[Date "2018.08.18"]
[Round "7.5"]
[White "Silva Rodriguez, Fernando"]
[Black "Escudero Manzano, Sergio"]
[Result "0-1"]
[WhiteElo "2239"]
[BlackElo "2215"]
[PlyCount "102"]
[EventDate "2018.08.14"]
[EventType "team-swiss"]
[EventRounds "7"]
[EventCountry "ESP"]
[SourceTitle "CBM 186 Extra"]
[Source "ChessBase"]
[SourceDate "2018.08.24"]
[SourceVersion "1"]
[SourceVersionDate "2018.08.24"]
[SourceQuality "1"]
[WhiteTeam "Manises Eva"]
[BlackTeam "Beniajan Duochess CAC II"]
[WhiteTeamCountry "ESP"]
[BlackTeamCountry "ESP"]

1. d4 f5 2. Nc3 d5 3. Bg5 h6 4. Bh4 Be6 5. e3 g5 6. Bg3 Nf6 7. Bd3 Bg7 8. h4 g4 9. h5 Ne4 10. Nge2 Nxg3 11. Nxg3 Qd7 12. Nce2 Rf8 13. Nf4 Bg8 14. f3 gxf3 15. Qxf3 e6 16. Ng6 Rf7 17. 0-0 Nc6 18. Bb5 0-0-0 19. c4 a6 20. Bxc6 Qxc6 21. Rfc1 Bh7 22. Nf4 Qd6 23. cxd5 exd5 24. Rc5 c6 25. Nxd5 Kb8 26. Nf4 Qd7 27. Ng6 f4 28. Rf1 Bxd4 29. exd4 Qxd4+ 30. Qf2 fxg3 31. Qxd4 Rxf1+ 32. Kxf1 Rxd4 33. Re5 Rg4 34. Re6 Rg5 35. Ke2 Rxh5 36. Nf4 Rb5 37. Rxh6 Rxb2+ 38. Kf3 Bc2 39. Kxg3 Rxa2 40. Kf3 a5 41. g4 Ra3+ 42. Kg2 Be4+ 43. Kh2 Rf3 44. Nh3 Rf8 45. Kg3 a4 46. Nf4 a3 47. Rh5 b6 48. Rh2 Bb1 49. Ne6 Re8 50. Nd4 a2 51. Nb3 Re3+ 0-1

[Event "ESP-chT CECLUB Div2"]
[Site "Linares"]
[Date "2018.08.15"]
[Round "2.1"]
[White "Silva Rodriguez, Fernando"]
[Black "Fernandez Romero, Ernesto"]
[Result "0-1"]
[WhiteElo "2239"]
[BlackElo "2500"]
[PlyCount "58"]
[EventDate "2018.08.14"]
[EventType "team-swiss"]
[EventRounds "7"]
[EventCountry "ESP"]
[SourceTitle "CBM 186 Extra"]
[Source "ChessBase"]
[SourceDate "2018.08.24"]
[SourceVersion "1"]
[SourceVersionDate "2018.08.24"]
[SourceQuality "1"]
[WhiteTeam "Manises Eva"]
[BlackTeam "Paterna Laboratorio SyS"]
[WhiteTeamCountry "ESP"]
[BlackTeamCountry "ESP"]

1. d4 e6 2. c4 f5 3. Nc3 Nf6 4. Qc2 b6 5. Bg5 Bb4 6. f3 h6 7. Bd2 0-0 8. e3 c5 9. Bd3 Nc6 10. Nge2 f4 11. d5 fxe3 12. Bxe3 exd5 13. cxd5 Qe7 14. Be4 Nxe4 15. fxe4 Ne5 16. 0-0-0 d6 17. h3 Bd7 18. Kb1 b5 19. Rhf1 Rfb8 20. Nf4 a5 21. Nce2 a4 22. Bc1 Ba5 23. Nd3 b4 24. Nxe5 Qxe5 25. Bf4 b3 26. axb3 axb3 27. Qd3 Qe7 28. Rf3 Bb5 29. Qe3 Bd2 0-1

[Event "Sueca op 4th"]
[Site "Sueca"]
[Date "2018.07.25"]
[Round "3"]
[White "Silva Rodriguez, Fernando"]
[Black "Sos Andreu, Eric"]
[Result "1-0"]
[WhiteElo "2210"]
[BlackElo "2345"]
[PlyCount "115"]
[EventDate "2018.07.23"]
[EventType "swiss"]
[EventRounds "8"]
[EventCountry "ESP"]
[SourceTitle "CBM 185 Extra"]
[Source "ChessBase"]
[SourceDate "2018.07.29"]
[SourceVersion "1"]
[SourceVersionDate "2018.07.29"]
[SourceQuality "1"]

1. d4 Nf6 2. c4 g6 3. Nc3 d5 4. Bf4 Bg7 5. e3 0-0 6. Rc1 c5 7. dxc5 Qa5 8. cxd5 Ne4 9. Nge2 Na6 10. f3 Nxc3 11. Nxc3 Nxc5 12. Qd2 b6 13. e4 Ba6 14. Kf2 Rac8 15. Bxa6 Qxa6 16. Rhd1 Qc4 17. d6 exd6 18. Nd5 Qxa2 19. Ne7+ Kh8 20. Nxc8 Rxc8 21. Qxd6 Qxb2+ 22. Kg1 Qf6 23. Qxf6 Bxf6 24. Bd6 Kg7 25. Rd5 a5 26. Rc4 Bb2 27. Kf1 Ba3 28. Ke2 f6 29. f4 Ra8 30. Bc7 Re8 31. Kf3 Re6 32. Bd6 Kf7 33. g4 Re8 34. Bc7 Re6 35. Bd6 Re8 36. f5 Rc8 37. h4 Rc6 38. Ke2 Rc8 39. Kf3 Rc6 40. g5 Ke8 41. Kg4 fxg5 42. hxg5 Rc8 43. Kf3 Rc6 44. Kg4 Rc8 45. e5 gxf5+ 46. Kxf5 Rd8 47. Rh4 Nb7 48. Ke6 Rd7 49. Rdd4 Bc5 50. Bxc5 Nxc5+ 51. Kf5 Rf7+ 52. Kg4 Re7 53. Rd6 b5 54. Kf5 b4 55. e6 b3 56. Rc6 Nxe6 57. Rxe6 b2 58. Rxe7+ 1-0

[Event "ESP-chT CECLUB Div2"]
[Site "Linares"]
[Date "2017.08.09"]
[Round "3.4"]
[White "Silva Rodriguez, Fernando"]
[Black "Bas Mas, Miguel"]
[Result "0-1"]
[WhiteElo "2235"]
[BlackElo "2236"]
[PlyCount "78"]
[EventDate "2017.08.08"]
[EventType "team"]
[EventRounds "7"]
[EventCountry "ESP"]
[SourceTitle "CBM 179 Extra"]
[Source "ChessBase"]
[SourceDate "2017.08.23"]
[SourceVersion "1"]
[SourceVersionDate "2017.08.23"]
[SourceQuality "1"]
[WhiteTeam "Manises Eva"]
[BlackTeam "Xeraco CE"]
[WhiteTeamCountry "ESP"]
[BlackTeamCountry "ESP"]

1. d4 f5 2. Nc3 d5 3. Bg5 Nf6 4. Bxf6 exf6 5. e3 Be6 6. Qf3 Qd7 7. Bb5 Nc6 8. Nge2 0-0-0 9. Nf4 Bf7 10. Nd3 Kb8 11. a3 g5 12. b4 f4 13. Nc5 Qd6 14. 0-0-0 Ne7 15. Bd3 h5 16. g3 h4 17. exf4 gxf4 18. g4 c6 19. Ne2 Bh6 20. c3 b6 21. Nb3 h3 22. Kb2 Bg5 23. Nbc1 Be6 24. Rhg1 Rh4 25. Rde1 Ng8 26. Bf5 Bxf5 27. gxf5 Nh6 28. Nd3 Nxf5 29. Rg4 Re8 30. Reg1 Re4 31. Kc2 Kb7 32. Kd1 Ne3+ 33. fxe3 Rxe3 34. Qxe3 fxe3 35. Rxh4 Bxh4 36. Rg7+ Kc8 37. Rg8+ Kd7 38. Nef4 Bg5 39. Rg7+ Ke8 0-1

[Event "Sueca op 3rd"]
[Site "Sueca"]
[Date "2017.07.29"]
[Round "7"]
[White "Bas Mas, Miguel"]
[Black "Silva Rodriguez, Fernando"]
[Result "0-1"]
[WhiteElo "2244"]
[BlackElo "2216"]
[PlyCount "102"]
[EventDate "2017.07.24"]
[EventType "swiss"]
[EventRounds "8"]
[EventCountry "ESP"]
[SourceTitle "CBM 179 Extra"]
[Source "ChessBase"]
[SourceDate "2017.08.23"]
[SourceVersion "1"]
[SourceVersionDate "2017.08.23"]
[SourceQuality "1"]

1. e4 e5 2. Nf3 Nc6 3. Bb5 a6 4. Ba4 Nf6 5. 0-0 Be7 6. Nc3 b5 7. Bb3 d6 8. a3 0-0 9. d3 Na5 10. Ba2 c5 11. Nd5 Be6 12. Bd2 Nc6 13. Re1 a5 14. c3 a4 15. Qe2 Rb8 16. h3 h6 17. Rad1 Qd7 18. Bc1 Bd8 19. d4 exd4 20. cxd4 cxd4 21. Nxd4 Nxd4 22. Rxd4 Nxd5 23. Bxd5 Bb6 24. Rd3 Rfd8 25. Qh5 Kh7 26. Bf4 Qe7 27. Rf3 Bxd5 28. Qxd5 Qe6 29. Qd3 Kh8 30. Rd1 Bc5 31. e5 dxe5 32. Qxd8+ Rxd8 33. Rxd8+ Kh7 34. Bg3 Bd4 35. Rd3 Qc4 36. Rd1 Qc2 37. Re1 Qxb2 38. Kh2 f6 39. f4 Qc3 40. Rd1 Qxa3 41. fxe5 fxe5 42. Rf1 Qe7 43. Ra8 a3 44. h4 h5 45. Rf5 g6 46. Rff8 e4 47. Rfe8 Qg7 48. Bd6 Bf6 49. Rxe4 Qb7 50. Ree8 a2 51. Reb8 Qd7 0-1

[Event "Sueca op 3rd"]
[Site "Sueca"]
[Date "2017.07.28"]
[Round "6"]
[White "Silva Rodriguez, Fernando"]
[Black "Arias Igual, Alejandro"]
[Result "1/2-1/2"]
[WhiteElo "2216"]
[BlackElo "2232"]
[PlyCount "63"]
[EventDate "2017.07.24"]
[EventType "swiss"]
[EventRounds "8"]
[EventCountry "ESP"]
[SourceTitle "CBM 179 Extra"]
[Source "ChessBase"]
[SourceDate "2017.08.23"]
[SourceVersion "1"]
[SourceVersionDate "2017.08.23"]
[SourceQuality "1"]

1. d4 Nf6 2. c4 g6 3. Nc3 Bg7 4. e4 d6 5. Nf3 Bg4 6. Be3 0-0 7. Be2 Nc6 8. d5 Bxf3 9. Bxf3 Ne5 10. Be2 c6 11. Rc1 Qa5 12. f4 Ned7 13. dxc6 bxc6 14. 0-0 Rab8 15. Qd2 Qb4 16. b3 a5 17. Bf3 Rbd8 18. Na4 e5 19. Qf2 exf4 20. Bd2 Qb8 21. Bxf4 Ne5 22. Rfd1 Nfd7 23. Rc2 f5 24. exf5 Nxf3+ 25. Qxf3 Rxf5 26. Qg3 Rdf8 27. Rf2 Qe8 28. Qe3 Ne5 29. h3 c5 30. Bg3 Rxf2 31. Bxf2 Qc6 32. Kh1 1/2-1/2

[Event "Sueca op 3rd"]
[Site "Sueca"]
[Date "2017.07.27"]
[Round "5"]
[White "Camarena Gimenez, Rufino"]
[Black "Silva Rodriguez, Fernando"]
[Result "1/2-1/2"]
[WhiteElo "2383"]
[BlackElo "2216"]
[PlyCount "54"]
[EventDate "2017.07.24"]
[EventType "swiss"]
[EventRounds "8"]
[EventCountry "ESP"]
[SourceTitle "CBM 179 Extra"]
[Source "ChessBase"]
[SourceDate "2017.08.23"]
[SourceVersion "1"]
[SourceVersionDate "2017.08.23"]
[SourceQuality "1"]

1. d4 d5 2. c4 dxc4 3. e3 b5 4. a4 b4 5. Bxc4 e6 6. Qf3 c6 7. Ne2 Nf6 8. 0-0 Bb7 9. Nf4 Be7 10. a5 Qc8 11. e4 0-0 12. e5 Nd5 13. Nh5 f5 14. exf6 Bxf6 15. Qe4 Ba6 16. Nd2 Qe8 17. Nxf6+ Rxf6 18. Bxa6 Nxa6 19. Nf3 c5 20. Bg5 Rf5 21. Qe2 Ndc7 22. Be3 cxd4 23. Nxd4 Rd5 24. Rac1 Nc5 25. Rc4 N7a6 26. Rfc1 Qa4 27. h3 Re8 1/2-1/2

[Event "Sueca op 3rd"]
[Site "Sueca"]
[Date "2017.07.27"]
[Round "4"]
[White "Silva Rodriguez, Fernando"]
[Black "Cruz Lledo, Pablo"]
[Result "1-0"]
[WhiteElo "2216"]
[BlackElo "2448"]
[PlyCount "69"]
[EventDate "2017.07.24"]
[EventType "swiss"]
[EventRounds "8"]
[EventCountry "ESP"]
[SourceTitle "CBM 179 Extra"]
[Source "ChessBase"]
[SourceDate "2017.08.23"]
[SourceVersion "1"]
[SourceVersionDate "2017.08.23"]
[SourceQuality "1"]

1. d4 d5 2. c4 c6 3. Nc3 Nf6 4. e3 e6 5. Nf3 Nbd7 6. Qc2 Bd6 7. Be2 0-0 8. 0-0 Re8 9. Rd1 Qe7 10. c5 Bc7 11. e4 dxe4 12. Nxe4 Nxe4 13. Qxe4 e5 14. Bg5 f6 15. Bc4+ Kh8 16. Bd3 Nf8 17. Bh4 g5 18. Bg3 Ng6 19. dxe5 f5 20. Qd4 Be6 21. h4 Rad8 22. Qb4 f4 23. Bxg6 Rxd1+ 24. Rxd1 hxg6 25. Bh2 Bg4 26. Qxb7 Bxf3 27. gxf3 Qxe5 28. Qxc6 gxh4 29. Bxf4 Qe2 30. Qf6+ Kg8 31. Qxg6+ Kh8 32. Qh6+ Kg8 33. Rd7 Qe1+ 34. Kg2 h3+ 35. Qxh3 1-0

[Event "Sueca op 3rd"]
[Site "Sueca"]
[Date "2017.07.24"]
[Round "1"]
[White "Duller Llopis, Jouke"]
[Black "Silva Rodriguez, Fernando"]
[Result "0-1"]
[WhiteElo "1631"]
[BlackElo "2216"]
[PlyCount "60"]
[EventDate "2017.07.24"]
[EventType "swiss"]
[EventRounds "8"]
[EventCountry "ESP"]
[SourceTitle "CBM 179 Extra"]
[Source "ChessBase"]
[SourceDate "2017.08.23"]
[SourceVersion "1"]
[SourceVersionDate "2017.08.23"]
[SourceQuality "1"]

1. d4 d5 2. Nf3 Nf6 3. e3 c5 4. c3 e6 5. Bd3 Nc6 6. Nbd2 Bd6 7. 0-0 0-0 8. dxc5 Bxc5 9. e4 Qc7 10. Qe2 b6 11. h3 Nh5 12. Nb3 Ng3 13. Qc2 Nxf1 14. exd5 exd5 15. Nxc5 bxc5 16. Bxh7+ Kh8 17. Bd3 Ng3 18. fxg3 Qxg3 19. Qe2 Bxh3 20. Ng5 Bg4 21. Qf1 f6 22. Bf4 Qh4 23. Nf3 Bxf3 24. Qxf3 Ne5 25. Bxe5 fxe5 26. Qxd5 Rad8 27. Qxc5 Rf6 28. Qe3 Rxd3 29. Qxa7 Rd2 30. Qe3 Rxb2 0-1

[Event "Xativa Murta op 3rd"]
[Site "Xativa"]
[Date "2017.07.21"]
[Round "7"]
[White "Silva Rodriguez, Fernando"]
[Black "Granero Roca, Antonio"]
[Result "1/2-1/2"]
[WhiteElo "2216"]
[BlackElo "2387"]
[PlyCount "62"]
[EventDate "2017.07.17"]
[EventType "swiss"]
[EventRounds "7"]
[EventCountry "ESP"]
[SourceTitle "CBM 179 Extra"]
[Source "ChessBase"]
[SourceDate "2017.08.23"]
[SourceVersion "1"]
[SourceVersionDate "2017.08.23"]
[SourceQuality "1"]

1. d4 Nf6 2. c4 e6 3. Nf3 Bb4+ 4. Nbd2 0-0 5. a3 Bxd2+ 6. Qxd2 b6 7. e3 Bb7 8. Be2 d6 9. 0-0 Nbd7 10. b4 a5 11. Bb2 Qe7 12. Rfd1 Ne4 13. Qc2 f5 14. d5 e5 15. Nd2 Nxd2 16. Qxd2 Qh4 17. g3 Qh6 18. f4 Rfe8 19. Rf1 Qg6 20. Bd3 e4 21. Be2 Nf6 22. Bc3 a4 23. Kg2 h6 24. Rg1 Kh7 25. h3 Bc8 26. Kf2 Bd7 27. Rg2 Qf7 28. Rd1 Rg8 29. Qb2 Ne8 30. Kg1 Rb8 31. Kh2 Qe7 1/2-1/2

[Event "Valencia Region-ch"]
[Site "Valencia"]
[Date "2016.10.22"]
[Round "3"]
[White "Martinez Tormo, Jorge"]
[Black "Silva Rodriguez, Fernando"]
[Result "1-0"]
[WhiteElo "2116"]
[BlackElo "2265"]
[PlyCount "123"]
[EventDate "2016.10.01"]
[EventType "swiss"]
[EventRounds "7"]
[EventCountry "ESP"]
[SourceTitle "EXT 2024"]
[Source "ChessBase"]
[SourceDate "2023.10.10"]
[SourceVersion "1"]
[SourceVersionDate "2023.10.10"]
[SourceQuality "1"]

1. e4 e5 2. Nf3 Nc6 3. Bb5 a6 4. Bxc6 dxc6 5. 0-0 Bd6 6. d4 exd4 7. Qxd4 f6 8. Be3 Ne7 9. Nbd2 Be6 10. Qc3 Ng6 11. Nd4 Qe7 12. Nxe6 Qxe6 13. f4 Qe7 14. a3 c5 15. e5 fxe5 16. f5 Nf8 17. Ne4 Nd7 18. Rad1 Nf6 19. Nxc5 Bxc5 20. Qxc5 Qxc5 21. Bxc5 Nd7 22. Rfe1 0-0-0 23. Bb4 Rde8 24. Rd2 h5 25. Rde2 Rh6 26. Bc3 Rc6 27. Re4 b6 28. Rh4 Rh6 29. Re3 Rf8 30. Bxe5 Rxf5 31. Bxg7 Rg6 32. Re8+ Kb7 33. Bd4 Rd6 34. Rhe4 Nf6 35. Bxf6 Rdxf6 36. h3 Rf1+ 37. Kh2 R1f2 38. Re2 R2f5 39. R8e7 a5 40. c3 Rb5 41. R7e5 Rf5 42. Rxb5 Rxb5 43. Kg3 Rf5 44. Kh4 Kc6 45. g4 hxg4 46. hxg4 Rf1 47. g5 Rh1+ 48. Kg4 Kd6 49. Kf5 Rg1 50. Kf6 Rf1+ 51. Kg7 b5 52. g6 c5 53. Kh7 Rh1+ 54. Kg8 b4 55. cxb4 cxb4 56. axb4 axb4 57. g7 Rh3 58. Re4 b3 59. Kf7 Rf3+ 60. Kg6 Rg3+ 61. Kf6 Kd5 62. Rf4 1-0